|
|
|
|
| LEADER |
00839aam a22002658a 4500 |
| 001 |
00028662 |
| 005 |
20171026081023.0 |
| 008 |
120330s2006 ||||||viesd |
| 020 |
|
|
|c 15000
|
| 041 |
0 |
# |
|a vie
|
| 082 |
1 |
4 |
|b NG450NG
|a 649
|
| 100 |
|
# |
|a Trần, Thị Ngọc Chúc
|
| 245 |
1 |
0 |
|a Ngộ nghĩnh trẻ thơ
|c Trần Thị Ngọc Chúc (tổng hợp)
|
| 260 |
# |
# |
|a TP. Hồ Chí Minh
|b Trẻ
|c 2006
|
| 300 |
# |
# |
|a 118tr.
|c 18cm.
|
| 490 |
# |
# |
|a Tủ sách gia đình
|
| 650 |
# |
4 |
|a Tâm lý học
|
| 653 |
# |
# |
|a Giáo dục gia đình
|
| 653 |
# |
# |
|a Trẻ em
|
| 653 |
# |
# |
|a Tâm lý
|
| 852 |
# |
# |
|b Kho mượn
|j KM.0013815
|
| 852 |
# |
# |
|b Kho đọc
|j KD.0012993
|
| 852 |
# |
# |
|j KD.0012993
|j KM.0013815
|
| 910 |
|
|
|d 30/03/2012
|
| 980 |
# |
# |
|a Trung tâm Học liệu Lê Vũ Hùng, Trường Đại học Đồng Tháp
|